TOP 10 - Most intelligent animals of the planet - Statistics

General Stats
  • This quiz has been taken 134 times
  • The average score is 5 of 10
Answer Stats
Position Animal % Correct
10. Dogs
89%
1. Chimpanzees / Gorillas
87%
2. Dolphins
72%
9. Elephants
61%
8. Pigs
53%
3. Cephalopods
39%
4. African gray parrots
37%
5. Rats
36%
6. Crows
34%
7. Squirrels
10%
No matching quizzes found
Score Distribution
Percent of People with Each Score
Percentile by Number Answered
Your Score History
You have not taken this quiz